LEADER 01103nam0-2200361---450- 001 990009903740403321 005 20160308154204.0 010 $a978-88-15-23964-8 035 $a000990374 035 $aFED01000990374 035 $a(Aleph)000990374FED01 035 $a000990374 100 $a20141010d2012----km-y0itay50------ba 101 0 $aita 102 $aIT 105 $a--------001yy 200 1 $aFlessibilmente giovani$epercorsi lavorativi e transizione alla vita adulta nel nuovo mercato del lavoro$fSonia Bertolini 210 $aBologna$cil Mulino$d2012 215 $a154 p.$cFig.$d21 cm 225 1 $aPercorsi$iSociologia 320 $aContiene bibl. (pp.141-154) 610 0 $aRapporti di lavoro$aFlessibilitą$aAspetti sociali 610 0 $aGiovani$aMercato del lavoro 676 $a306.36$v22$zita 676 $a331.12$v22$zita 700 1$aBertolini,$bSonia$0290268 801 0$aIT$bUNINA$gRICA$2UNIMARC 901 $aBK 912 $a990009903740403321 952 $a306.36 BER 3$b17798/11$fBFS 959 $aBFS 996 $aFlessibilmente giovani$9828725 997 $aUNINA LEADER 02962nam0 22005533i 450 001 VAN0169802 005 20230614033138.245 017 70$2N$a9783319332765 100 $a20210701d2016 |0itac50 ba 101 $aeng 102 $aCH 105 $a|||| ||||| 200 1 $aQualitative Theory of Dynamical Systems, Tools and Applications for Economic Modelling$eLectures Given at the COST Training School on New Economic Complex Geography at Urbino, Italy, 17-19 September 2015$fGian Italo Bischi, Anastasiia Panchuk, Davide Radi editors 210 $aCham$cSpringer$d2016 215 $axvi, 327 p.$cill.$d24 cm 410 1$1001VAN0133298$12001 $aSpringer Proceedings in Complexity$1210 $aBerlin [etc.]$cSpringer 500 1$3VAN0169815$aQualitative Theory of Dynamical Systems, Tools and Applications for Economic Modelling$91813275 606 $a37-XX$xDynamical systems and ergodic theory [MSC 2020]$3VANC020363$2MF 606 $a34Cxx$xQualitative theory for ordinary differential equation [MSC 2020]$3VANC020690$2MF 606 $a00B25$xProceedings of conferences of miscellaneous specific interest [MSC 2020]$3VANC020732$2MF 606 $a37C10$xDynamics induced by flows and semiflows [MSC 2020]$3VANC022343$2MF 606 $a39A60$xApplications of difference equations [MSC 2020]$3VANC031242$2MF 606 $a37N40$xDynamical systems in optimization and economics [MSC 2020]$3VANC033693$2MF 610 $aCOST Action IS1104$9KW:K 610 $aComplex Economic Geography$9KW:K 610 $aComplex Economic Systems$9KW:K 610 $aContinuous-time Dynamical Systems$9KW:K 610 $aDecision-driven Evolving Systems$9KW:K 610 $aDiscrete-time Dynamical Systems$9KW:K 610 $aDynamical Systems and Optimal Control$9KW:K 610 $aEconomic Dynamics$9KW:K 610 $aEvent-driven Evolving Systems$9KW:K 610 $aGeocomplexity Proceedings$9KW:K 610 $aNonlinear Socioeconomic Dynamics$9KW:K 610 $aRegional and Spatial Economics$9KW:K 620 $aCH$dCham$3VANL001889 702 1$aBischi$bGian Italo$3VANV054268 702 1$aPanchuk$bAnastasiia$3VANV153530 702 1$aRadi$bDavide$3VANV153531 712 12$aCOST Training School on New Economic Complex Geography$f2015$eUrbino, Italy$3VANV153532 712 $aSpringer $3VANV108073$4650 801 $aIT$bSOL$c20240614$gRICA 856 4 $uhttp://doi.org/10.1007/978-3-319-33276-5$zE-book ? Accesso al full-text attraverso riconoscimento IP di Ateneo, proxy e/o Shibboleth 899 $aBIBLIOTECA DEL DIPARTIMENTO DI MATEMATICA E FISICA$1IT-CE0120$2VAN08 912 $fN 912 $aVAN0169802 950 $aBIBLIOTECA DEL DIPARTIMENTO DI MATEMATICA E FISICA$d08CONS e-book 2826 $e08eMF2826 20210701 996 $aQualitative Theory of Dynamical Systems, Tools and Applications for Economic Modelling$91813275 997 $aUNICAMPANIA